000 00253 a2200121 4500
020 _a0852974361
090 _c169
_d169
100 _aBrain Coyle
245 _aCurrency Swaps
260 _aCanterbury
300 _a122 P
942 _aNBS
_cBK
_k658.15 COY
999 _c342743
_d342743